[Event "Qatar Masters Open 2014"]
[Site "Doha QAT"]
[Date "2014.11.29"]
[Round "4.45"]
[White "Jussupow, Artur"]
[Black "Asgarizadeh, Ahmad"]
[Result "1/2-1/2"]
[WhiteElo "2581"]
[BlackElo "2371"]
[PlyCount "74"]
[EventDate "2014.11.26"]
[EventType "swiss"]
[EventRounds "9"]
[EventCountry "QAT"]
[Source "lmi"]
[SourceDate "2014.11.26"]

1. d4 d5 2. c4 dxc4 3. e3 e5 4. Bxc4 exd4 5. exd4 Nf6 6. Nf3 Bd6 7. Qe2+ Qe7 8.
Qxe7+ Bxe7 9. O-O O-O 10. Re1 Bd6 11. Bg5 Bf5 12. Bxf6 gxf6 13. Nc3 Nd7 14. Nh4
Bg6 15. g3 Nb6 16. Bf1 Bb4 17. a3 Bxc3 18. bxc3 Rfe8 19. c4 c6 20. c5 Nd5 21.
Bc4 Rad8 22. Rxe8+ Rxe8 23. Nxg6 fxg6 24. Rb1 Re7 25. a4 Kf7 26. a5 Ke6 27. f3
Kf7 28. Kf2 Ke8 29. a6 bxa6 30. Rb8+ Kd7 31. Bxa6 f5 32. Bc4 Kc7 33. Rb3 Rd7
34. Ra3 Kb7 35. Rb3+ Kc7 36. Ra3 Kb7 37. Rb3+ Kc7 1/2-1/2

[Event "Qatar Masters Open 2014"]
[Site "Doha QAT"]
[Date "2014.11.29"]
[Round "4.46"]
[White "Gopal, G.N."]
[Black "Mammadzada, Gunay"]
[Result "1/2-1/2"]
[WhiteElo "2580"]
[BlackElo "2316"]
[PlyCount "64"]
[EventDate "2014.11.26"]
[EventType "swiss"]
[EventRounds "9"]
[EventCountry "QAT"]
[Source "lmi"]
[SourceDate "2014.11.26"]

1. e4 c5 2. Nf3 d6 3. Bb5+ Bd7 4. Bxd7+ Qxd7 5. c4 Nf6 6. Nc3 g6 7. d4 cxd4 8.
Nxd4 Bg7 9. f3 O-O 10. Be3 Nc6 11. O-O a6 12. a4 e6 13. Nde2 Qc7 14. b3 Nd7 15.
Rb1 Rac8 16. Kh1 Rfd8 17. Qc2 Nc5 18. Rfd1 h6 19. Nd4 Qb6 20. Nxc6 Qxc6 21. Bd4
Nd7 22. Bxg7 Kxg7 23. Rd2 Nf6 24. Rbd1 Qc5 25. Qb2 Qe5 26. Rd4 Rc6 27. Qd2 Rb6
28. Qc2 h5 29. R4d3 h4 30. h3 Nh5 31. Ne2 Rc6 32. Qd2 Rd7 1/2-1/2

[Event "Qatar Masters Open 2014"]
[Site "Doha QAT"]
[Date "2014.11.29"]
[Round "4.47"]
[White "Vijayalakshmi, Subbaraman"]
[Black "Gabuzyan, Hovhannes"]
[Result "1/2-1/2"]
[WhiteElo "2335"]
[BlackElo "2565"]
[PlyCount "136"]
[EventDate "2014.11.26"]
[EventType "swiss"]
[EventRounds "9"]
[EventCountry "QAT"]
[Source "lmi"]
[SourceDate "2014.11.26"]

1. b3 c5 2. Bb2 Nc6 3. f4 d5 4. e3 a6 5. Nf3 Nf6 6. g3 d4 7. Na3 g6 8. Nc4 Be6
9. Bg2 Bg7 10. O-O Bd5 11. Nce5 O-O 12. Nxc6 Bxc6 13. exd4 cxd4 14. Nxd4 Bxg2
15. Kxg2 Ne4 16. c3 Bxd4 17. cxd4 Rc8 18. d3 Nf6 19. Qf3 Rc2+ 20. Rf2 Rxf2+ 21.
Qxf2 Qd5+ 22. Qf3 Rc8 23. Rc1 Rxc1 24. Bxc1 Qxd4 25. Qxb7 Qc5 26. Bd2 Qc2 27.
Qb8+ Kg7 28. Qb4 Qxa2 29. Qc3 h5 30. Kf3 Qb1 31. Bc1 Kh7 32. Ke2 Nd5 33. Qb2
Qxb2+ 34. Bxb2 Kg8 35. h3 f5 36. Kf3 Kf7 37. g4 hxg4+ 38. hxg4 Nb4 39. gxf5
gxf5 40. Ke3 Nc6 41. Bc3 Ke6 42. Kf3 Kd5 43. Ke3 Kc5 44. d4+ Kd5 45. Kd3 e6 46.
Ke3 Na7 47. Bb4 Nb5 48. Bc5 Kc6 49. Kd3 Nc7 50. Bb4 Nd5 51. Bd2 Kb5 52. Kc2 Nf6
53. Kd3 Ne4 54. Be1 Nf6 55. Bd2 Kc6 56. Kc4 Kb6 57. Kd3 Nd5 58. Kc4 a5 59. Kd3
Kb5 60. Kc2 a4 61. bxa4+ Kxa4 62. Kb2 Nf6 63. Be1 Ne4 64. Kc2 Ka3 65. Kd3 Nf6
66. Kc4 Nd5 67. Kc5 Nxf4 68. Kd6 Ne2 1/2-1/2

[Event "Qatar Masters Open 2014"]
[Site "Doha QAT"]
[Date "2014.11.29"]
[Round "4.49"]
[White "Sukandar, Irine Kharisma"]
[Black "Fedorchuk, Sergey A"]
[Result "0-1"]
[WhiteElo "2407"]
[BlackElo "2664"]
[PlyCount "208"]
[EventDate "2014.11.26"]
[EventType "swiss"]
[EventRounds "9"]
[EventCountry "QAT"]
[Source "lmi"]
[SourceDate "2014.11.26"]

1. e4 c5 2. Nf3 a6 3. c4 e6 4. Nc3 Qc7 5. d4 cxd4 6. Nxd4 Nf6 7. a3 b6 8. Be3
Bb7 9. f3 Be7 10. Be2 O-O 11. O-O d6 12. a4 Re8 13. Qd2 Nbd7 14. a5 bxa5 15.
Nb3 d5 16. exd5 Bb4 17. dxe6 Rxe6 18. Bd4 Rd8 19. Qc2 Bd6 20. Rxa5 Bxh2+ 21.
Kh1 Bg3 22. Qf5 Nf8 23. Bd3 Bc8 24. Rc5 Qb8 25. Rxc8 Qxc8 26. Qh3 Be5 27. Bxe5
Rxe5 28. Qxc8 Rxc8 29. Ra1 Rb8 30. Bc2 Nh5 31. Rxa6 Ng3+ 32. Kg1 Ne2+ 33. Kf2
Nxc3 34. bxc3 Ne6 35. Nd4 Rb2 36. Ra8+ Nf8 37. Rc8 g6 38. c5 Kg7 39. f4 Re7 40.
f5 Nd7 41. c6 Nc5 42. Kf3 Kf6 43. Rh8 Ra7 44. Ke3 Re7+ 45. Kf3 gxf5 46. Bxf5
Ne6 47. Bxe6 fxe6 48. Ke4 e5 49. Rf8+ Kg7 50. Ne6+ Rxe6 51. c7 Kxf8 52. c8=Q+
Kf7 53. Qd7+ Re7 54. Qf5+ Ke8 55. Qc8+ Kf7 56. Qf5+ Kg7 57. Qg5+ Kf8 58. Qf5+
Rf7 59. Qc8+ Kg7 60. Qg4+ Kh8 61. Kxe5 Rg7 62. Qf3 Rbxg2 63. Qf8+ Rg8 64. Qf6+
R2g7 65. c4 Re8+ 66. Kd4 Kg8 67. c5 Rg6 68. Qf5 Ree6 69. Kc4 Kg7 70. Kb5 h6 71.
Qd5 Rgf6 72. Qg2+ Kf7 73. Qb7+ Re7 74. Qd5+ Kg7 75. c6 Rc7 76. Qg2+ Rg6 77.
Qb2+ Kh7 78. Qd4 Rgxc6 79. Qe4+ Rg6 80. Qf5 Re7 81. Qf8 Re5+ 82. Kc4 h5 83. Kd4
Reg5 84. Qe7+ Rg7 85. Qe4+ Kh6 86. Qf4 Kg6 87. Qe4+ Rf5 88. Qe8+ Kg5 89. Ke3
Rgf7 90. Qd8+ Kg4 91. Qd4+ Rf4 92. Qd6 Rf3+ 93. Ke2 Rf2+ 94. Ke1 R2f4 95. Qd1+
Kh4 96. Qd8+ Kh3 97. Qc8+ R7f5 98. Ke2 Re4+ 99. Kd3 Ree5 100. Kd4 h4 101. Qc3+
Kg4 102. Qc6 Rd5+ 103. Ke3 Kg3 104. Qc7+ Rfe5+ 0-1

[Event "Qatar Masters Open 2014"]
[Site "Doha QAT"]
[Date "2014.11.29"]
[Round "4.52"]
[White "Deac, Bogdan-Daniel"]
[Black "Halkias, Stelios"]
[Result "1/2-1/2"]
[WhiteElo "2385"]
[BlackElo "2519"]
[PlyCount "81"]
[EventDate "2014.11.26"]
[EventType "swiss"]
[EventRounds "9"]
[EventCountry "QAT"]
[Source "lmi"]
[SourceDate "2014.11.26"]

1. e4 e5 2. Nf3 Nc6 3. Bb5 a6 4. Ba4 Nf6 5. O-O Be7 6. Re1 d6 7. c3 b5 8. Bb3
Bg4 9. d3 O-O 10. h3 Bh5 11. Nbd2 Na5 12. Bc2 c5 13. Nf1 h6 14. Ng3 Bg6 15. Nh4
Ne8 16. Nhf5 Bg5 17. d4 cxd4 18. cxd4 Rc8 19. dxe5 dxe5 20. Qxd8 Bxd8 21. Bd1
Nc6 22. Be3 Bxf5 23. Nxf5 Ne7 24. a4 Nxf5 25. exf5 Nd6 26. axb5 axb5 27. Bg4
Bf6 28. b4 Rfe8 29. Bc5 Nb7 30. Rec1 Nxc5 31. bxc5 e4 32. Rab1 Bd4 33. Kf1 Rxc5
34. Rxc5 Bxc5 35. Rxb5 Re5 36. Rb2 h5 37. Bxh5 Rxf5 38. Bg4 Re5 39. g3 g6 40.
h4 Kg7 41. Kg2 1/2-1/2

[Event "Qatar Masters Open 2014"]
[Site "Doha QAT"]
[Date "2014.11.29"]
[Round "4.54"]
[White "Hedman, Erik"]
[Black "Gomez, John Paul"]
[Result "1/2-1/2"]
[WhiteElo "2370"]
[BlackElo "2510"]
[PlyCount "91"]
[EventDate "2014.11.26"]
[EventType "swiss"]
[EventRounds "9"]
[EventCountry "QAT"]
[Source "lmi"]
[SourceDate "2014.11.26"]

1. d4 d5 2. c4 c6 3. Nf3 Nf6 4. e3 Bf5 5. Nc3 e6 6. Nh4 Be4 7. f3 Bg6 8. Qb3
Qc7 9. Bd2 Be7 10. g3 a6 11. Rc1 dxc4 12. Bxc4 b5 13. Be2 Nbd7 14. O-O c5 15.
Nxg6 hxg6 16. Rfd1 O-O 17. Be1 Qb6 18. Bf2 Rac8 19. a3 Rfd8 20. Qa2 Qb7 21. Qb3
Qa7 22. Rd2 cxd4 23. exd4 Nb6 24. Rdc2 Nc4 25. Nd1 Na5 26. Qe3 Nd5 27. Qe4 Rxc2
28. Rxc2 Bf6 29. Kg2 Nb3 30. Nc3 Bxd4 31. Nxd5 Bxf2 32. Rc7 Qd4 33. Ne7+ Kh7
34. Nc6 Qxe4 35. fxe4 Bb6 36. Nxd8 Bxc7 37. Nxf7 Kg8 38. Ng5 Be5 39. Bd1 Nd4
40. Bg4 Kf8 41. Nxe6+ Nxe6 42. Bxe6 Bxb2 43. Bc8 a5 44. Ba6 b4 45. axb4 axb4
46. Bc4 1/2-1/2

[Event "Qatar Masters Open 2014"]
[Site "Doha QAT"]
[Date "2014.11.29"]
[Round "4.55"]
[White "Carlsson, Pontus"]
[Black "Kharous, Ernest"]
[Result "1-0"]
[WhiteElo "2492"]
[BlackElo "2358"]
[PlyCount "41"]
[EventDate "2014.11.26"]
[EventType "swiss"]
[EventRounds "9"]
[EventCountry "QAT"]
[Source "lmi"]
[SourceDate "2014.11.26"]

1. e4 d6 2. d4 Nf6 3. Nc3 e5 4. Nf3 Nbd7 5. g4 Nxg4 6. Rg1 Ngf6 7. Be3 c6 8.
Qd2 b5 9. O-O-O Qc7 10. dxe5 dxe5 11. Bxb5 cxb5 12. Nxb5 Qc4 13. Qa5 Bb4 14.
Nxe5 Bxa5 15. Nxc4 Bd8 16. Nbd6+ Ke7 17. Rxg7 Nb6 18. Bc5 Ke6 19. Nxf7 Nxc4 20.
Nxd8+ Rxd8 21. Re7# 1-0

[Event "Qatar Masters Open 2014"]
[Site "Doha QAT"]
[Date "2014.11.29"]
[Round "4.56"]
[White "Chandra, Akshat"]
[Black "Pourkashiyan, Atousa"]
[Result "1-0"]
[WhiteElo "2489"]
[BlackElo "2312"]
[PlyCount "75"]
[EventDate "2014.11.26"]
[EventType "swiss"]
[EventRounds "9"]
[EventCountry "QAT"]
[Source "lmi"]
[SourceDate "2014.11.26"]

1. e4 e5 2. Nf3 Nc6 3. Bb5 a6 4. Ba4 Nf6 5. O-O Be7 6. Re1 b5 7. Bb3 d6 8. c3
O-O 9. h3 Nb8 10. d4 Nbd7 11. Nbd2 Bb7 12. Bc2 Re8 13. Nf1 Bf8 14. Ng3 g6 15.
a4 Bg7 16. Bd3 c6 17. Be3 d5 18. dxe5 Nxe4 19. Bxe4 dxe4 20. Nxe4 Nxe5 21. Nxe5
Bxe5 22. Nc5 Qc7 23. Qf3 bxa4 24. Rxa4 a5 25. Raa1 Ba6 26. Rad1 Bc4 27. Rd7 Bd5
28. Qg4 Qc8 29. Rd1 Rb8 30. c4 Be6 31. Nxe6 Rxe6 32. Bg5 Re8 33. Qf3 f5 34. c5
Qa6 35. Bf4 Bxf4 36. Qxf4 Qe2 37. Qh4 Qh5 38. Qc4+ 1-0

[Event "Qatar Masters Open 2014"]
[Site "Doha QAT"]
[Date "2014.11.29"]
[Round "4.57"]
[White "Gomes, Mary Ann"]
[Black "Danielian, Elina"]
[Result "1/2-1/2"]
[WhiteElo "2355"]
[BlackElo "2487"]
[PlyCount "86"]
[EventDate "2014.11.26"]
[EventType "swiss"]
[EventRounds "9"]
[EventCountry "QAT"]
[Source "lmi"]
[SourceDate "2014.11.26"]

1. Nf3 Nf6 2. c4 e6 3. g3 d5 4. Bg2 Be7 5. O-O O-O 6. b3 c5 7. e3 Nc6 8. d4 b6
9. Bb2 Ba6 10. Nbd2 Rc8 11. Ne5 cxd4 12. exd4 Na5 13. Rc1 Bb4 14. f4 Bxd2 15.
Qxd2 dxc4 16. b4 c3 17. Rxc3 Nc4 18. Nxc4 Bxc4 19. Rfc1 b5 20. a4 a6 21. axb5
axb5 22. Re3 Nd5 23. Re5 Qd6 24. Bxd5 Bxd5 25. Rc5 Ra8 26. Re1 Ra2 27. Rxb5
Rfa8 28. Qc3 h5 29. Ra1 Rxa1+ 30. Bxa1 Qc6 31. Ra5 Rxa5 32. bxa5 Qa4 33. Kf2 h4
34. gxh4 Qd1 35. Bb2 Qg4 36. Qg3 Qf5 37. Bc3 Qc2+ 38. Kg1 Qd1+ 39. Be1 Qxd4+
40. Qf2 Qe4 41. Qg3 Qd4+ 42. Qf2 Qe4 43. Qg3 Qd4+ 1/2-1/2

[Event "Qatar Masters Open 2014"]
[Site "Doha QAT"]
[Date "2014.11.29"]
[Round "4.58"]
[White "Wang, Jue"]
[Black "Debashis, Das"]
[Result "0-1"]
[WhiteElo "2353"]
[BlackElo "2485"]
[PlyCount "118"]
[EventDate "2014.11.26"]
[EventType "swiss"]
[EventRounds "9"]
[EventCountry "QAT"]
[Source "lmi"]
[SourceDate "2014.11.26"]

1. e4 e5 2. Nf3 d6 3. d4 exd4 4. Nxd4 Nf6 5. Nc3 Be7 6. g3 O-O 7. Bg2 Re8 8.
O-O Bf8 9. h3 c6 10. g4 Na6 11. g5 Nd7 12. Be3 Nb6 13. b3 Nc5 14. Qh5 Bd7 15.
Rad1 Qc7 16. Qh4 Rad8 17. Qg3 Bc8 18. Nf5 Bxf5 19. exf5 Qc8 20. f6 g6 21. h4
Qf5 22. Rd2 d5 23. Bh3 Ne4 24. Nxe4 Qxe4 25. Bg2 Qf5 26. Bf4 Nc8 27. Bh3 Qe4
28. c4 Bd6 29. Bxd6 Nxd6 30. cxd5 Qb4 31. Rd3 Ne4 32. Qf4 cxd5 33. Rc1 a5 34.
Kg2 d4 35. Rc4 Qb6 36. Qc7 Qxc7 37. Rxc7 Rd5 38. Rxb7 Nc5 39. Re7 Kf8 40. Rxe8+
Kxe8 41. Rd2 d3 42. Kf3 Rd4 43. Bf1 Kd7 44. Rd1 Ke6 45. Ke3 Re4+ 46. Kd2 Rxh4
47. Bxd3 Rg4 48. Re1+ Kd6 49. f4 Rxf4 50. Bc4 Rf2+ 51. Kc3 Rf3+ 52. Kb2 Rf5 53.
Rd1+ Kc7 54. Bxf7 Ne4 55. Be6 Rf2+ 56. Ka3 Nxg5 57. Bg4 h5 58. Rd5 Ne4 59. Bf5
Nxf6 0-1

[Event "Qatar Masters Open 2014"]
[Site "Doha QAT"]
[Date "2014.11.29"]
[Round "4.59"]
[White "Konguvel, Ponnuswamy"]
[Black "Shyam, Sundar M"]
[Result "1-0"]
[WhiteElo "2347"]
[BlackElo "2484"]
[PlyCount "69"]
[EventDate "2014.11.26"]
[EventType "swiss"]
[EventRounds "9"]
[EventCountry "QAT"]
[Source "lmi"]
[SourceDate "2014.11.26"]

1. e4 e5 2. Nf3 Nc6 3. Bb5 g6 4. c3 a6 5. Ba4 d6 6. d4 Bd7 7. O-O Bg7 8. Re1
Nge7 9. Be3 exd4 10. cxd4 O-O 11. Nbd2 h6 12. d5 Nb8 13. Bd4 b5 14. Bxg7 Kxg7
15. Bb3 c5 16. a4 f6 17. axb5 Bxb5 18. Nc4 Qc7 19. e5 fxe5 20. Nfxe5 Bxc4 21.
Nxc4 Rf6 22. Bc2 Ra7 23. Ra3 Qd8 24. Rae3 Rd7 25. Re6 Rxe6 26. Rxe6 Qf8 27. Qg4
Kh8 28. Bxg6 Qg7 29. Qh5 Ng8 30. g3 a5 31. Nxd6 Qxb2 32. Be4 Qg7 33. Rg6 Qf8
34. Qe5+ Rg7 35. Rxg7 1-0

[Event "Qatar Masters Open 2014"]
[Site "Doha QAT"]
[Date "2014.11.29"]
[Round "4.60"]
[White "Potapov, Pavel"]
[Black "Belouadah, Saad"]
[Result "1-0"]
[WhiteElo "2479"]
[BlackElo "2305"]
[PlyCount "99"]
[EventDate "2014.11.26"]
[EventType "swiss"]
[EventRounds "9"]
[EventCountry "QAT"]
[Source "lmi"]
[SourceDate "2014.11.26"]

1. e4 d5 2. exd5 Qxd5 3. Nc3 Qd6 4. d4 Nf6 5. Nf3 g6 6. g3 Bg7 7. Bg2 O-O 8.
O-O Bg4 9. h3 Bf5 10. Bf4 Qb6 11. Na4 Qb5 12. b3 Na6 13. Ne5 Rab8 14. g4 Be6
15. c4 Qe8 16. Qe2 c6 17. Rad1 Rd8 18. Nc3 Bc8 19. Rfe1 e6 20. Bg5 h6 21. Bh4
c5 22. Nb5 Qe7 23. Qf3 cxd4 24. Nxa7 g5 25. Bg3 Nc5 26. Nxc8 Rxc8 27. Rxd4 Rfd8
28. Rxd8+ Rxd8 29. b4 Nce4 30. Rxe4 Nxe4 31. Qxe4 Qxb4 32. Kh2 Qc3 33. a4 Rd2
34. Qe3 Qxe3 35. fxe3 Ra2 36. c5 f6 37. Nc4 Rxa4 38. Nd6 Ra2 39. Nxb7 e5 40.
Be1 Bf8 41. Kg3 Re2 42. Bd5+ Kg7 43. Bf2 Rc2 44. e4 Kg6 45. Kf3 h5 46. c6 Bb4
47. Bb6 Rc3+ 48. Ke2 Rxh3 49. c7 Rc3 50. Bc5 1-0

[Event "Qatar Masters Open 2014"]
[Site "Doha QAT"]
[Date "2014.11.29"]
[Round "4.61"]
[White "Gaehwiler, Gabriel"]
[Black "Tari, Aryan"]
[Result "0-1"]
[WhiteElo "2334"]
[BlackElo "2479"]
[PlyCount "102"]
[EventDate "2014.11.26"]
[EventType "swiss"]
[EventRounds "9"]
[EventCountry "QAT"]
[Source "lmi"]
[SourceDate "2014.11.26"]

1. d4 Nf6 2. c4 g6 3. Nc3 d5 4. cxd5 Nxd5 5. Bd2 Nb6 6. e3 Bg7 7. f4 O-O 8. Nf3
c5 9. dxc5 N6d7 10. Ne4 Bxb2 11. Bc4 Bxa1 12. Qxa1 Nf6 13. Nfg5 Nxe4 14. Nxe4
Bf5 15. Ng3 Bd3 16. Bb3 Nd7 17. Bc3 e5 18. fxe5 Nxc5 19. Kf2 Qh4 20. Rd1 Rad8
21. Bd4 Nxb3 22. axb3 Bc2 23. Rc1 Bxb3 24. Qxa7 Bd5 25. Kg1 Rc8 26. Rc5 Ra8 27.
Qb6 Bc6 28. Rc2 Qg4 29. Rf2 Qe6 30. Ne2 Ra2 31. Nf4 Rxf2 32. Kxf2 Qf5 33. Ke1
Ra8 34. e6 fxe6 35. Qc7 Qa5+ 36. Qxa5 Rxa5 37. Nxe6 Ra2 38. g4 Bd7 39. Nc5 Bxg4
40. Nxb7 Rxh2 41. Nd6 h5 42. Ne4 Bf5 43. Nf6+ Kf7 44. e4 Be6 45. Be5 Rg2 46.
Kf1 Rg5 47. Bd4 h4 48. e5 h3 49. Ne4 Rg4 50. Nd6+ Ke7 51. Bg1 Rg2 0-1

[Event "Qatar Masters Open 2014"]
[Site "Doha QAT"]
[Date "2014.11.29"]
[Round "4.62"]
[White "Zhukova, Natalia"]
[Black "Salih, Akar Ali Salih"]
[Result "1-0"]
[WhiteElo "2470"]
[BlackElo "2284"]
[PlyCount "101"]
[EventDate "2014.11.26"]
[EventType "swiss"]
[EventRounds "9"]
[EventCountry "QAT"]
[Source "lmi"]
[SourceDate "2014.11.26"]

1. d4 Nf6 2. c4 g6 3. Nc3 Bg7 4. e4 d6 5. Nf3 O-O 6. Be2 e5 7. O-O Nbd7 8. Be3
c6 9. Qc2 h6 10. Rad1 Qe7 11. h3 Re8 12. d5 c5 13. b4 b6 14. Nb5 Nf8 15. bxc5
bxc5 16. Nd2 a6 17. Nc3 N6h7 18. Na4 Rb8 19. Rb1 Rxb1 20. Rxb1 f5 21. f3 f4 22.
Bf2 Nd7 23. Qc3 Bf8 24. Qa5 g5 25. Qc7 h5 26. Nb3 g4 27. fxg4 hxg4 28. Bxg4
Ndf6 29. Qxe7 Bxe7 30. Bxc8 Rxc8 31. Nc3 Bd8 32. Bh4 Nxd5 33. Nxd5 Bxh4 34. Na5
Bd8 35. Nb7 Rb8 36. Rb3 Ng5 37. Nxd6 Rxb3 38. axb3 Ne6 39. Nf5 Kf7 40. h4 Nd4
41. Nxd4 cxd4 42. h5 Kg7 43. c5 Kh6 44. c6 d3 45. Kf2 Kxh5 46. c7 Bxc7 47. Nxc7
d2 48. Ke2 Kg4 49. Nxa6 Kg3 50. Nc5 Kxg2 51. Kxd2 1-0

[Event "Qatar Masters Open 2014"]
[Site "Doha QAT"]
[Date "2014.11.29"]
[Round "4.63"]
[White "Gholami, Aryan"]
[Black "Huang, Qian"]
[Result "0-1"]
[WhiteElo "2333"]
[BlackElo "2464"]
[PlyCount "104"]
[EventDate "2014.11.26"]
[EventType "swiss"]
[EventRounds "9"]
[EventCountry "QAT"]
[Source "lmi"]
[SourceDate "2014.11.26"]

1. d4 Nf6 2. Nf3 c5 3. e3 g6 4. c3 b6 5. Bd3 Bb7 6. Nbd2 Bg7 7. e4 cxd4 8. cxd4
O-O 9. O-O d6 10. Qe2 Nc6 11. a3 e5 12. d5 Ne7 13. Ba6 Bxa6 14. Qxa6 h6 15. a4
Nd7 16. b4 f5 17. Ba3 Nf6 18. Rfe1 Qd7 19. Rad1 Rac8 20. Qd3 Rf7 21. b5 fxe4
22. Nxe4 Nxe4 23. Rxe4 Rcf8 24. Rc1 g5 25. Rec4 Rf4 26. Nd2 Rd4 27. Rxd4 exd4
28. g3 Nxd5 29. Nc4 Qf7 30. Rc2 Qf3 31. Nb2 Qxd3 32. Nxd3 Rf3 33. Rd2 Nc3 34.
Bb4 Nxa4 35. Kg2 Rf7 36. Bxd6 Nc3 37. Rb2 Rf5 38. Rb4 Rd5 39. Bb8 Nxb5 40. f4
a5 41. Rc4 Rd8 42. Be5 Bxe5 43. fxe5 Ra8 44. Nb2 Nc3 45. Rxd4 a4 46. e6 a3 47.
Nc4 a2 48. e7 Re8 49. Rd8 Kf7 50. Nd6+ Kxe7 51. Rxe8+ Kxd6 52. Ra8 b5 0-1

[Event "Qatar Masters Open 2014"]
[Site "Doha QAT"]
[Date "2014.11.29"]
[Round "4.64"]
[White "Gara, Ticia"]
[Black "Thejkumar, M. S."]
[Result "0-1"]
[WhiteElo "2326"]
[BlackElo "2443"]
[PlyCount "174"]
[EventDate "2014.11.26"]
[EventType "swiss"]
[EventRounds "9"]
[EventCountry "QAT"]
[Source "lmi"]
[SourceDate "2014.11.26"]

1. e4 c6 2. d4 d5 3. Nd2 dxe4 4. Nxe4 Bf5 5. Ng3 Bg6 6. Nh3 e6 7. Nf4 Bd6 8. c3
Nf6 9. Bc4 Nbd7 10. Qf3 Nb6 11. Bb3 Nbd5 12. Nxg6 hxg6 13. Bg5 a5 14. O-O a4
15. Bc2 a3 16. bxa3 Rxa3 17. Bb3 Be7 18. Rfe1 O-O 19. h4 b5 20. Rac1 Qa5 21. h5
gxh5 22. Nxh5 Qd8 23. Bxf6 Bxf6 24. Re4 Bg5 25. Rce1 Nf6 26. Re5 Nxh5 27. Qxh5
Bh6 28. g4 Bf4 29. Bc2 Re8 30. Rc5 Rxa2 31. Be4 Qf6 32. Qh7+ Kf8 33. Rf5 Qh6
34. Qxh6 Bxh6 35. Rc5 Bd2 36. Re2 b4 37. cxb4 Rd8 38. Rc4 Rb2 39. Bxc6 Rxb4 40.
Rxb4 Bxb4 41. Re4 Bc3 42. Kg2 Bxd4 43. f4 Ke7 44. g5 Bc5 45. Bb5 Rd2+ 46. Be2
Rb2 47. f5 Kd6 48. fxe6 fxe6 49. Kf3 e5 50. Bc4 Rc2 51. Kg4 Bd4 52. Be2 Ke6 53.
Bf3 Rc1 54. Re2 Rg1+ 55. Rg2 Rf1 56. Rc2 Kd7 57. Bc6+ Ke6 58. Bf3 Rg1+ 59. Rg2
Rc1 60. Ra2 Be3 61. Ra6+ Ke7 62. g6 Rf1 63. Ra3 Bc5 64. Rc3 Kd6 65. Rd3+ Ke6
66. Bd5+ Ke7 67. Rf3 Rg1+ 68. Kf5 Kd6 69. Be4 Bd4 70. Ra3 Rf1+ 71. Rf3 Rc1 72.
Ra3 Rc8 73. Ra6+ Ke7 74. Bd5 Rf8+ 75. Bf7 Rh8 76. Bd5 Rh4 77. Ra3 Kd6 78. Bb7
Rf4+ 79. Kg5 Bf2 80. Rf3 Bh4+ 81. Kh5 Rb4 82. Bc8 Be7 83. Bg4 e4 84. Rf7 e3 85.
Rf1 Rb5+ 86. Bf5 Rxf5+ 87. Rxf5 e2 0-1

[Event "Qatar Masters Open 2014"]
[Site "Doha QAT"]
[Date "2014.11.29"]
[Round "4.65"]
[White "Foisor, Sabina-Francesca"]
[Black "Goh, Wei Ming Kevin"]
[Result "1-0"]
[WhiteElo "2270"]
[BlackElo "2442"]
[PlyCount "77"]
[EventDate "2014.11.26"]
[EventType "swiss"]
[EventRounds "9"]
[EventCountry "QAT"]
[Source "lmi"]
[SourceDate "2014.11.26"]

1. d4 Nf6 2. c4 g6 3. Nc3 d5 4. cxd5 Nxd5 5. e4 Nxc3 6. bxc3 Bg7 7. Nf3 O-O 8.
Be3 c5 9. Be2 Nd7 10. O-O e6 11. a4 b6 12. Qb3 Bb7 13. Nd2 Qe7 14. a5 f5 15. f3
Kh8 16. Bc4 cxd4 17. cxd4 fxe4 18. Nxe4 Nf6 19. Nxf6 Bxf6 20. axb6 axb6 21.
Rxa8 Rxa8 22. Qxb6 Bd5 23. Bxd5 exd5 24. Bf2 Qf7 25. Rc1 Kg7 26. h3 Bg5 27. Re1
Ra2 28. Qb3 Ra7 29. Bg3 Rb7 30. Be5+ Kh6 31. Qc2 Rb4 32. Qf2 Rc4 33. f4 Bf6 34.
Qe3 Kg7 35. Rb1 Rc6 36. Rb5 Ra6 37. Kh2 Rc6 38. Qf3 Bxe5 39. fxe5 1-0

[Event "Qatar Masters Open 2014"]
[Site "Doha QAT"]
[Date "2014.11.29"]
[Round "4.66"]
[White "Tomashevskaya, Lidia"]
[Black "Sundararajan, Kidambi"]
[Result "1/2-1/2"]
[WhiteElo "2210"]
[BlackElo "2415"]
[PlyCount "91"]
[EventDate "2014.11.26"]
[EventType "swiss"]
[EventRounds "9"]
[EventCountry "QAT"]
[Source "lmi"]
[SourceDate "2014.11.26"]

1. e4 e5 2. Nf3 Nc6 3. Bb5 a6 4. Ba4 Nf6 5. O-O Be7 6. Re1 b5 7. Bb3 d6 8. c3
O-O 9. d4 Bg4 10. d5 Na5 11. Bc2 Qc8 12. Nbd2 c6 13. dxc6 Qxc6 14. h3 Be6 15.
Ng5 Bd7 16. Nf1 h6 17. Nf3 Rfe8 18. Ng3 Bf8 19. Nh4 d5 20. exd5 Qxd5 21. Ne4
Qxd1 22. Nxf6+ gxf6 23. Rxd1 Red8 24. Re1 Nc4 25. Nf5 Bxf5 26. Bxf5 Rab8 27.
Bc2 Rb6 28. Rd1 Rxd1+ 29. Bxd1 f5 30. Be2 f4 31. a4 Kg7 32. axb5 axb5 33. b3
Nd6 34. Ba3 Ne4 35. Bxf8+ Kxf8 36. c4 bxc4 37. Bxc4 Nd6 38. Ra5 f6 39. Ra7 e4
40. Kf1 Rb4 41. Rh7 Nxc4 42. bxc4 Rb1+ 43. Ke2 Rb2+ 44. Ke1 Rb1+ 45. Ke2 Rb2+
46. Ke1 1/2-1/2

[Event "Qatar Masters Open 2014"]
[Site "Doha QAT"]
[Date "2014.11.29"]
[Round "4.67"]
[White "Kathmale, Sameer"]
[Black "Seyb, Alexander"]
[Result "1/2-1/2"]
[WhiteElo "2267"]
[BlackElo "2412"]
[PlyCount "84"]
[EventDate "2014.11.26"]
[EventType "swiss"]
[EventRounds "9"]
[EventCountry "QAT"]
[Source "lmi"]
[SourceDate "2014.11.26"]

1. e4 g6 2. d4 Bg7 3. c3 d6 4. Nf3 Nf6 5. Bd3 O-O 6. O-O Nc6 7. Re1 e5 8. d5
Ne7 9. c4 Nh5 10. Nc3 f5 11. exf5 Nxf5 12. g3 h6 13. Ne4 Nf6 14. Kg2 Kh7 15.
Qc2 c6 16. Nxf6+ Qxf6 17. Be4 Bd7 18. b3 Nd4 19. Nxd4 exd4 20. Bb2 Rae8 21. f4
h5 22. Qd3 c5 23. Re2 Bh6 24. Rae1 Kg7 25. Bc1 h4 26. Bf3 Rxe2+ 27. Qxe2 Re8
28. Qd1 Rxe1 29. Qxe1 g5 30. g4 gxf4 31. h3 Bg5 32. Qa5 Qe7 33. Bd2 a6 34. Qc7
Be8 35. Qxe7+ Bxe7 36. Be4 Bg5 37. Kf3 Bg6 38. Bxg6 Kxg6 39. Bxf4 Bxf4 40. Kxf4
Kf6 41. Ke4 Kg5 42. Kf3 Kg6 1/2-1/2

[Event "Qatar Masters Open 2014"]
[Site "Doha QAT"]
[Date "2014.11.29"]
[Round "4.68"]
[White "Nemcova, Katerina"]
[Black "Zhu, Chen"]
[Result "1-0"]
[WhiteElo "2312"]
[BlackElo "2447"]
[PlyCount "101"]
[EventDate "2014.11.26"]
[EventType "swiss"]
[EventRounds "9"]
[EventCountry "QAT"]
[Source "lmi"]
[SourceDate "2014.11.26"]

1. c4 e5 2. Nc3 Bb4 3. Nd5 Bc5 4. Nf3 c6 5. Nc3 d6 6. g3 Qe7 7. d3 Nf6 8. Bg2
O-O 9. O-O Bb4 10. Bd2 d5 11. cxd5 cxd5 12. a3 Bd6 13. Bg5 Be6 14. Nh4 d4 15.
Nd5 Bxd5 16. Bxd5 Nc6 17. e4 Qd8 18. Nf5 Be7 19. Bxc6 bxc6 20. Rc1 c5 21. f4
exf4 22. Nxe7+ Qxe7 23. Rxf4 Rfc8 24. Bxf6 gxf6 25. Qh5 Qe6 26. Rxc5 Rxc5 27.
Qxc5 Rc8 28. Qxd4 Kg7 29. Rf2 Rc6 30. Kg2 h5 31. h4 Rd6 32. Qe3 Qb3 33. Rd2 a5
34. Qf3 a4 35. d4 Qxf3+ 36. Kxf3 Rb6 37. d5 Kf8 38. Kf4 Ke7 39. Rd4 Rxb2 40.
Rxa4 Rf2+ 41. Ke3 Rg2 42. Kf3 Rd2 43. Ra7+ Ke8 44. a4 f5 45. a5 Rd4 46. exf5
Rxd5 47. Ke4 Rd6 48. Ke5 Rc6 49. f6 Kd8 50. a6 Rb6 51. Ra8+ 1-0

[Event "Qatar Masters Open 2014"]
[Site "Doha QAT"]
[Date "2014.11.29"]
[Round "4.69"]
[White "Dimitrijevic, Aleksandra"]
[Black "L'Ami, Alina"]
[Result "0-1"]
[WhiteElo "2323"]
[BlackElo "2393"]
[PlyCount "58"]
[EventDate "2014.11.26"]
[EventType "swiss"]
[EventRounds "9"]
[EventCountry "QAT"]
[Source "lmi"]
[SourceDate "2014.11.26"]

1. d4 Nf6 2. c4 g6 3. Nc3 Bg7 4. e4 d6 5. Be2 O-O 6. h4 h5 7. Nf3 c5 8. d5 Bg4
9. Be3 a6 10. Qd2 Qa5 11. Bh6 Nbd7 12. Bxg7 Kxg7 13. Ng5 Bxe2 14. Qxe2 b5 15.
f4 Ng4 16. e5 dxe5 17. f5 gxf5 18. O-O Qb4 19. Rxf5 Qxc4 20. Qc2 Ndf6 21. Re1
b4 22. Nge4 bxc3 23. Rg5+ Kh8 24. Nxf6 Nxf6 25. Rexe5 Qd4+ 26. Kf1 Rg8 27. bxc3
Qxh4 28. Qd2 Rxg5 29. Rxg5 Ne4 0-1